Whose wealth is it anyway?: Mozambique's outstanding economic growth with worsening rural poverty /
Gorde:
| Egile nagusia: | |
|---|---|
| Beste egile batzuk: | |
| Formatua: | Texto |
| Etiketak: |
Etiketa erantsi
Etiketarik gabe, Izan zaitez lehena erregistro honi etiketa jartzen!
|
MARC
| LEADER | 00000 a a2200000 04500 | ||
|---|---|---|---|
| 001 | 44810 | ||
| 003 | |||
| 040 | |||
| 100 | |a Cunguara, Benedito | ||
| 245 | |a Whose wealth is it anyway?: |b Mozambique's outstanding economic growth with worsening rural poverty / |c Benedito Cunguara, Joseph Hanlon | ||
| 500 | |a j.hanlon@open.ac.uk | ||
| 590 | |a DISEMINAR042013 | ||
| 700 | |a Hanlon, Joseph | ||
| 773 | |g volumen43, número3 ( , 2012), Páginas 623-647 : tablas, gráficos | ||
| 999 | |c 29763 |d 29763 | ||
